I funny : (Record no. 2589)

MARC details
000 -LEADER
fixed length control field 00857nam a22002297a 4500
005 - DATE AND TIME OF LATEST TRANSACTION
control field 20240103141428.0
020 ## - INTERNATIONAL STANDARD BOOK NUMBER
International Standard Book Number 9780545649407
040 ## - CATALOGING SOURCE
Original cataloging agency FISKH
Language of cataloging eng
Transcribing agency FISKH
Modifying agency FISKH
050 ## - LIBRARY OF CONGRESS CALL NUMBER
Classification number PZ7.P27653
082 ## - DEWEY DECIMAL CLASSIFICATION NUMBER
Classification number 813.54
100 ## - MAIN ENTRY--PERSONAL NAME
Personal name Patterson, James
245 ## - TITLE STATEMENT
Title I funny :
Remainder of title A middle school story
Statement of responsibility, etc. James Patterson
250 ## - EDITION STATEMENT
Edition statement First Scholastic printing, September 2013
260 ## - PUBLICATION, DISTRIBUTION, ETC.
Place of publication, distribution, etc. New York :
Name of publisher, distributor, etc. Scholastic,
Date of publication, distribution, etc. 2012
300 ## - PHYSICAL DESCRIPTION
Extent 303 pages :
Dimensions 20 cm
505 ## - FORMATTED CONTENTS NOTE
Formatted contents note M
520 ## - SUMMARY, ETC.
Summary, etc. Resolving to become the world's greatest stand-up comedian despite less-than-funny challenges in his life, wheelchair-bound middle school student Jamie Grimm endures bullying from his mean-spirited cousin and hopes he will be fairly judged when he enters a local comedy contest.
521 ## - TARGET AUDIENCE NOTE
Target audience note 610
Source Lexile
521 ## - TARGET AUDIENCE NOTE
Target audience note M
Source Raz-Plus
942 ## - ADDED ENTRY ELEMENTS (KOHA)
Source of classification or shelving scheme Dewey Decimal Classification
Koha item type Books
Suppress in OPAC No
999 ## -
-- 2589
-- 2589
Holdings
Withdrawn status Lost status Source of classification or shelving scheme Damaged status Not for loan Collection Home library Current library Shelving location Date acquired Total Checkouts Full call number Barcode Date last seen Price effective from Koha item type
    Dewey Decimal Classification     Fiction Footprints International School Library Network Toul Kork Campus Footprints International School Library Network Toul Kork Campus   01/03/2024   PAT 813.54 PZ7.P27653 FIS00631 01/03/2024 01/03/2024 Books